Productividad de Dos Variedad de Arroz (Oryza Sativa L) a Cuatro Densidades de Siembra Bajo Condiciones de Riego. Carlos Jose Guzman Ruiz, Vicente Contreras Peña. Asesor: Ing. Jaime Arismendi Acosta P. (Registro nro. 17910)
[ vista simple ]
| 000 -LEADER | |
|---|---|
| fixed length control field | 00639nam a22001811a 4500 |
| 001 - CONTROL NUMBER | |
| control field | 17910 |
| 003 - CONTROL NUMBER IDENTIFIER | |
| control field | OSt |
| 005 - DATE AND TIME OF LATEST TRANSACTION | |
| control field | 20260204212340.0 |
| 008 - FIXED-LENGTH DATA ELEMENTS--GENERAL INFORMATION | |
| fixed length control field | 170110s2006||||dr ||||||b||||||||||spa|| |
| 090 ## - LOCALLY ASSIGNED LC-TYPE CALL NUMBER (OCLC); LOCAL CALL NUMBER (RLIN) | |
| Classification number (OCLC) (R) ; Classification number, CALL (RLIN) (NR) | AGT-2006-005 |
| 100 ## - ASIENTO PRINCIPAL -- NOMBRE PERSONAL | |
| Personal name | Guzman Ruiz, Carlos Jose |
| 245 ## - TÍTULO PROPIAMENTE DICHO: SUBTÍTULO | |
| Title | Productividad de Dos Variedad de Arroz (Oryza Sativa L) a Cuatro Densidades de Siembra Bajo Condiciones de Riego. Carlos Jose Guzman Ruiz, Vicente Contreras Peña. Asesor: Ing. Jaime Arismendi Acosta P. |
| 264 ## - PRODUCTION, PUBLICATION, DISTRIBUTION, MANUFACTURE, AND COPYRIGHT NOTICE | |
| Place of production, publication, distribution, manufacture | Santo Domingo: El Autor |
| 300 ## - PHYSICAL DESCRIPTION | |
| Extensión | 60 p. |
| 502 ## - THESIS NOTE | |
| Dissertation note | Tesis de Agropecuaria |
| 650 ## - ASIENTO SECUNDARIO DE MATERIA -- TERMINO TOPICO | |
| Asiento secundario de materia | Tesis de Ingenieria en AgropecuariaÌ |
| 942 ## - ADDED ENTRY ELEMENTS (KOHA) | |
| Source of classification or shelving scheme | Dewey Decimal Classification |
| Koha item type | Tesis |
| Withdrawn status | Lost status | Source of classification or shelving scheme | Damaged status | Not for loan | Current library | Date acquired | Total Checkouts | Full call number | Barcode | Date last seen | Price effective from | Koha item type |
|---|---|---|---|---|---|---|---|---|---|---|---|---|
| Dewey Decimal Classification | Biblioteca UTECO | 09/09/2019 | AGT-2006-005 | AGP-2006-005 | 09/09/2019 | 09/09/2019 | Tesis |
